เปลี่ยนเป็นภาษาไทย

Change to English
 แสดงรายละเอียดบรรณานุกรม
  กลับหน้าหลัก

Brief Record : Get Marc (ISO 2709) : E-mail record : QR code กลับ
หนังสือการแพทย์ E-books หนังสือทั่วไป : เกี่ยวกับ Collections
LEADER 00000nam 2200000uu 4500
001    39255
003     ULIBM
008    020711s2567 th a 000 0 tha d
020    9786165889643
060    WY159 ส831ก
100    สุพัตรา นุตรักษ์
245    การพยาบาลเด็ก : เพื่อการส่งเสริมสุขภาพและพัฒนาเด็กทุกช่วงวัย/สุพัตรา นุตรักษ์ และ วรรณไพร แย้มมา
250    พิมพ์ครั้งที่ 6
260    กรุงเทพฯ :^bนีโอดิจิตอล,^c2567
300    284 หน้า ;^c30 ซม.
650    Pediatric Nursing
650    Child Health
650    Child Development
650    Growth and Development
650    Nursing Care
650    พัฒนาการเด็ก
650    เด็ก--การส่งเสริมสุขภาพ
700    วรรณไพร แย้มมา
999    ^aฐานิตา โสภะสุนทร
รายการนี้ยังไม่มีแท็ก
คุณยังไม่ได้ล็อกอิน คุณสามารถมีกิจกรรมร่วมกับเว็บไซต์ได้ แต่ต้องล็อกอินก่อน ::
  ล็อกอิน
ลำดับที่ ประเภท เลขเรียก/บาร์โค้ด สถานที่ สถานะ
1. หนังสือทั่วไป
หนังสือทั่วไป
WY159 ส831ก 2567 ฉ.1 
  Barcode: 005405
ห้องสมุดโรงพยาบาลจิตเวชขอนแก่นราชนครินทร์
►KRPH Library
On Shelf
  ขอยืม
2. หนังสือทั่วไป
หนังสือทั่วไป
WY159 ส831ก 2567 ฉ.2 
  Barcode: 005406
ห้องสมุดโรงพยาบาลจิตเวชขอนแก่นราชนครินทร์
►KRPH Library
On Shelf
  ขอยืม
   [แสดง 2/2 รายการ]

รายการใกล้เคียง
    หัวเรื่อง [Child Health]
    หัวเรื่อง [Child Development]
    หัวเรื่อง [Nursing Care]
    หัวเรื่อง [พัฒนาการเด็ก]

BibComment


ยังไม่เคยถูกคอมเมนท์

คอมเมนท์ทรัพยากรรายการนี้
  คอมเมนท์: การพยาบาลเด็ก เพ..
Bib 39255


 Union Library Management : ULibM
Copyright 2026. All Rights Reserved.